| 000 | 00459nam a22001697a 4500 | ||
|---|---|---|---|
| 005 | 20250821103131.0 | ||
| 008 | 250821b |||||||| |||| 00| 0 eng d | ||
| 020 |
_a9788131932766 _qpbk |
||
| 041 | _aeng | ||
| 082 |
_a813.54 _bNAR |
||
| 100 | _aNarang, Manmeet | ||
| 245 |
_aRead & Shine The Big Fight Of Oley And Dan _cby Manmeet Narang Illustrated by: Suman S. Roy |
||
| 250 | _a1ed., | ||
| 260 |
_aNoida _bKuldeep |
||
| 300 | _a32p. | ||
| 942 | _cENGLISH | ||
| 999 |
_c583354 _d583354 |
||